000 00603cam a2200217 4500
001 J3970
008 090401t1967 xxu||||| |||| 00| 0 eng d
035 _a(Sirsi) u57760
041 _aeng
050 _a333.3320212
100 _aEllwood, L.W.
245 _aEllwood tables for real estate appraising and financing.
250 _a2nd ed.
260 _aChicago, Il.
_bAmerican Institute of Real Estate Apprai
_c1967
300 _axi,398p. ; 24cm.
350 _a0
650 _aELLWOOD TABLES
710 _aAmerican Institute of Real Estate Appraisers
_93093
942 _n0
948 _c04/03/1997
999 _c93973
_d93973